[Event "FRA Top 16 Higher Pool U16"]
[Site "France"]
[Date "2022.06.06"]
[Round "4.1"]
[White "Breuil, Tristan"]
[Black "Strasser, Rouben"]
[Result "1/2-1/2"]
[WhiteElo "2082"]
[BlackElo "1937"]
[PlyCount "115"]
[EventDate "2022.06.04"]
[EventType "tourn"]
[EventRounds "4"]
[EventCountry "FRA"]
[SourceTitle "EXT 2023"]
[Source "ChessBase"]
[SourceDate "2022.10.05"]
[SourceVersion "1"]
[SourceVersionDate "2022.10.05"]
[SourceQuality "1"]

1. e4 c5 2. Nf3 e6 3. d4 cxd4 4. Nxd4 a6 5. Nc3 b5 6. a3 Bb7 7. g3 Nc6 8. Bg2 Rc8 9. Nxc6 Bxc6 10. 0-0 d6 11. Re1 Ne7 12. Be3 Ng6 13. Ne2 Be7 14. Nd4 Ba8 15. Qd2 Ne5 16. b3 Ng4 17. Rad1 0-0 18. h3 Nxe3 19. Rxe3 Qc7 20. Rd3 Rfd8 21. b4 d5 22. exd5 Bxd5 23. Nf5 exf5 24. Bxd5 Qxc2 25. Qe3 Qc7 26. Qf3 g6 27. Qe3 Bf6 28. Qe2 Kg7 29. Kg2 Re8 30. Qf3 Re7 31. Bb3 Qa7 32. Rd6 Rc3 33. R1d3 Rxd3 34. Qxd3 Be5 35. Rd5 Qb7 36. Kh2 Qb6 37. Qd2 Qf6 38. Kg2 h5 39. f4 Bc7 40. Rd3 h4 41. Qc3 hxg3 42. Qxf6+ Kxf6 43. Kxg3 Re4 44. Rc3 Bxf4+ 45. Kf3 Rd4 46. Rc6+ Rd6 47. Rxd6+ Bxd6 48. Bd5 Be5 49. Bb7 Bb2 50. Bxa6 Bxa3 51. Bxb5 Bxb4 52. Bc4 Bd6 53. Bd5 g5 54. Bc4 Bb4 55. Bb3 Ke7 56. Bc2 Kf6 57. Bb3 Kg6 58. Bc2 1/2-1/2

[Event "FRA Top 16 Higher Pool U16"]
[Site "France"]
[Date "2022.06.05"]
[Round "3.2"]
[White "Bouton, Come"]
[Black "Strasser, Rouben"]
[Result "0-1"]
[WhiteElo "1895"]
[BlackElo "1937"]
[PlyCount "76"]
[EventDate "2022.06.04"]
[EventType "tourn"]
[EventRounds "4"]
[EventCountry "FRA"]
[SourceTitle "EXT 2023"]
[Source "ChessBase"]
[SourceDate "2022.10.05"]
[SourceVersion "1"]
[SourceVersionDate "2022.10.05"]
[SourceQuality "1"]

1. e4 c5 2. Nf3 e6 3. d4 cxd4 4. Nxd4 a6 5. c4 Nf6 6. Nc3 Bb4 7. Qd3 Qc7 8. a3 Be7 9. g3 d6 10. Bg2 Nbd7 11. 0-0 Ne5 12. Qc2 Qxc4 13. Rd1 Bd7 14. h3 Qc7 15. Kh2 Rc8 16. f4 Nc4 17. Nde2 0-0 18. b3 Na5 19. Qb2 Qb6 20. Rb1 Nc6 21. Rd3 Qc7 22. Be3 b5 23. b4 Qb8 24. Rbd1 Rc7 25. Bf2 Bc8 26. g4 Nd7 27. Ng3 g6 28. Rg1 Nb6 29. Bf1 Rd8 30. Qa1 Bf6 31. f5 Na4 32. g5 Bxc3 33. Rxc3 Nxc3 34. Qxc3 Ne5 35. Qe3 Rc2 36. Bd3 Nxd3 37. Ne2 Nxf2 38. Qxf2 exf5 0-1

[Event "Alsace-Baden"]
[Site "Selestat"]
[Date "2019.09.22"]
[Round "1.24"]
[White "Strasser, Rouben"]
[Black "Neiwert, Nick"]
[Result "0-1"]
[WhiteElo "1775"]
[BlackElo "1908"]
[PlyCount "78"]
[EventDate "2019.09.22"]
[EventType "team-match"]
[EventRounds "1"]
[EventCountry "FRA"]
[SourceTitle "CBM 192 Extra"]
[Source "Chessbase"]
[SourceDate "2019.11.06"]
[SourceVersion "1"]
[SourceVersionDate "2019.11.06"]
[SourceQuality "1"]
[WhiteTeam "Alsace"]
[BlackTeam "Baden"]
[WhiteTeamCountry "FRA"]
[BlackTeamCountry "GER"]

1. e4 c5 2. Nf3 d6 3. d4 cxd4 4. Nxd4 Nf6 5. Nc3 a6 6. Be2 e5 7. Nb3 Be7 8. 0-0 0-0 9. Be3 b5 10. f3 Bb7 11. Qd2 Nbd7 12. a3 Rc8 13. Rfd1 Qc7 14. Rac1 Nb6 15. Na5 Ba8 16. Bf2 Rfd8 17. Qe1 Qb8 18. a4 d5 19. exd5 Bb4 20. Nc6 Bxc6 21. dxc6 Nxa4 22. Qf1 Nxc3 23. bxc3 Bxc3 24. Rxd8+ Rxd8 25. Rd1 Rc8 26. Kh1 Rxc6 27. Ba7 Qf8 28. Qf2 g6 29. Qh4 Re6 30. Bd3 Nh5 31. g3 Qa8 32. Be4 Qxa7 33. Qg5 Kg7 34. Bf5 Re7 35. Bg4 Nf6 36. Bh3 a5 37. Bf1 a4 38. Bxb5 a3 39. Rd6 Re6 0-1

[Event "FRA-ch U12"]
[Site "Hyeres"]
[Date "2019.04.15"]
[Round "3"]
[White "Maurizzi, Marc Andria"]
[Black "Strasser, Rouben"]
[Result "1-0"]
[WhiteElo "2276"]
[BlackElo "1611"]
[PlyCount "63"]
[EventDate "2019.04.14"]
[EventType "swiss"]
[EventRounds "9"]
[EventCountry "FRA"]
[SourceTitle "CBM 190 Extra"]
[Source "ChessBase"]
[SourceDate "2019.07.15"]
[SourceVersion "1"]
[SourceVersionDate "2019.07.15"]
[SourceQuality "1"]

1. e4 c5 2. Nc3 Nc6 3. Bb5 g6 4. Bxc6 bxc6 5. d3 Bg7 6. f4 d6 7. Nf3 Nf6 8. 0-0 0-0 9. Qe1 Ne8 10. f5 e6 11. fxe6 fxe6 12. e5 d5 13. Na4 c4 14. Bg5 Qc7 15. d4 a5 16. Nc5 Ra7 17. Qh4 Qb8 18. b3 cxb3 19. axb3 Qb6 20. Bd2 Nc7 21. Ng5 h6 22. Rxf8+ Bxf8 23. Rf1 hxg5 24. Rxf8+ Kxf8 25. Qh8+ Kf7 26. Qf6+ Kg8 27. Qxg6+ Kf8 28. Qf6+ Kg8 29. Qxg5+ Kf8 30. Qh6+ Kf7 31. Qh7+ Ke8 32. Qg8+ 1-0

[Event "Baden-Alsace"]
[Site "Karlsruhe"]
[Date "2018.09.16"]
[Round "1.25"]
[White "Strasser, Rouben"]
[Black "Joeres, Stefan"]
[Result "0-1"]
[WhiteElo "1672"]
[BlackElo "2039"]
[PlyCount "84"]
[EventDate "2018.09.16"]
[EventType "team-match"]
[EventRounds "1"]
[EventCountry "GER"]
[SourceTitle "EXT 2019"]
[Source "ChessBase"]
[SourceDate "2018.10.10"]
[SourceVersion "1"]
[SourceVersionDate "2018.10.10"]
[SourceQuality "1"]
[WhiteTeam "Alsace"]
[BlackTeam "Baden"]
[WhiteTeamCountry "FRA"]
[BlackTeamCountry "GER"]

1. e4 c5 2. Nf3 Nc6 3. d4 cxd4 4. Nxd4 g6 5. c4 Bg7 6. Be3 Nf6 7. Nc3 0-0 8. Be2 Nxd4 9. Bxd4 d6 10. 0-0 Qa5 11. f3 Be6 12. b3 Rfc8 13. Qd2 a6 14. Rfd1 Nd7 15. Bxg7 Kxg7 16. Nd5 Qxd2 17. Rxd2 Bxd5 18. Rxd5 Rc7 19. Rad1 a5 20. R5d2 a4 21. Rb1 axb3 22. axb3 Ra3 23. Bd1 Nc5 24. Kf1 b6 25. Be2 Rxb3 26. Rxb3 Nxb3 27. Rb2 Na5 28. Rxb6 Nxc4 29. Bxc4 Rxc4 30. Rb7 Kf6 31. Kf2 Rc2+ 32. Kg3 Rd2 33. Rb6 e6 34. Rb7 d5 35. Rd7 g5 36. Kh3 d4 37. Kg3 h5 38. h4 gxh4+ 39. Kxh4 Rxg2 40. Rxd4 Ke5 41. Rd7 Rg7 42. Kxh5 Rh7+ 0-1